DC & Marvel Superhero Multiple Choice - Statistics

General Stats
  • This quiz has been taken 147 times
  • The average score is 15 of 20
Answer Stats
Question Answer % Correct
Which hero uses a power ring? Green Lantern
94%
Which superhero is blind? Daredevil
93%
What metal is Captain America’s shield primarily made of? Vibranium
93%
Which Marvel hero lifted Mjölnir in Avengers: Endgame? Captain America
92%
Which Marvel character founded the X-Men? Charles Xavier
92%
Which event motivates Bruce Wayne to become Batman? Killing of Thomas and Martha Wayne
92%
What is Superman’s birth name? Kal-El
90%
Which villain broke Batman’s back? Bane
88%
Where does Clark Kent work? Daily Planet
87%
Which superhero is known as the “Merc with a Mouth”? Deadpool
85%
What is Aquaman’s real name? Arthur Curry
84%
Which superhero is known as the “Scarlet Speedster”? The Flash
79%
Who is Tony Stark’s best friend? James Rhodes
67%
In Marvel Comics, who is Magneto’s daughter? Scarlet Witch
67%
Nightwing is the protector of which city? Blüdhaven
60%
Who is the fastest Flash? Wally West
60%
What is Wonder Woman’s homeland called? Themyscira
56%
Which of these is consistent between Spider-Man comics and movies? Uncle Ben’s death
46%
In the MCU, who was the first Avenger to meet Nick Fury? Captain Marvel
42%
In the MCU, what is the name of the S.H.I.E.L.D. operation that would preemptively eliminate threats? Project Insight
41%
No matching quizzes found
Score Distribution
Percent of People with Each Score
Percentile by Number Answered
Your Score History
You have not taken this quiz